| 000 | 01085nam2a22002531 4500 | ||
|---|---|---|---|
| 001 | rc\626891 | ||
| 005 | 20031121164257.4 | ||
| 035 | _a(NLR Aleph) 005950724 | ||
| 090 |
_a6762195 _c6762195 |
||
| 100 | _a20031121d1986 u |0rusy50 ca | ||
| 101 | 0 | _arus | |
| 102 | _aRU | ||
| 105 | _aa ||||||||| | ||
| 200 | 1 |
_aС древнейших времен до Великой Октябрьской социалистической революции _f[А.В. Хлебников, Г.А. Архипов, К.Н. Сануков и др.] |
|
| 210 | _d1986 | ||
| 215 | _a300, [1] с., [10] л. ил. | ||
| 320 | _aБиблиогр.: с. 292-298 | ||
| 461 | 0 |
_1001rc\626890 _12001#$aИстория Марийской АССР$fМарийский НИИ яз., лит. и истории им. В.М. Васильева$g[Редкол.: А.В. Хлебников (отв. ред.) и др.]$vТ. 1 |
|
| 701 | 1 |
_aХлебников _bА. В. _gАлексей Васильевич |
|
| 801 | 0 |
_aRU _bNLR _gpsbo |
|
| 801 | 1 |
_aRU _bELAR _2rusmarc |
|
| 852 |
_aNLR _j86-3/14743 |
||
| 942 | _cBOOK | ||
| 980 | _aNB | ||